El SELA: presente y futuro de la cooperación económica intralatinoamericana /
Wedi'i Gadw mewn:
| Awduron Corfforaethol: | , |
|---|---|
| Fformat: | Texto |
| Cyhoeddwyd: |
Buenos Aires:
INTAL
|
| Tagiau: |
Ychwanegu Tag
Dim Tagiau, Byddwch y cyntaf i dagio'r cofnod hwn!
|
MARC
| LEADER | 00000 a a2200000 04500 | ||
|---|---|---|---|
| 001 | 25505 | ||
| 003 | |||
| 040 | |||
| 090 | |a 152905 | ||
| 110 | |a Instituto para la integración de América Latina | ||
| 245 | |a El SELA: presente y futuro de la cooperación económica intralatinoamericana / |c Instituto para la integración de América Latina | ||
| 260 | |a Buenos Aires: |b INTAL | ||
| 300 | |a 274 p |b **no definido** | ||
| 710 | |a INTAL |a BID | ||
| 999 | |c 11997 |d 11997 | ||
